Survivor Finalist Duds: Pick 'Em! Quiz Stats

 Plays Quiz not verified by Sporcle

Challenge
Share
Tweet
Embed
Score 0/21 Timer 03:00
0 Plays Today
% Correct
Laurel Johnson
83.3%
Angelina Keeley
83.3%
Dre 'Dreamz' Herd
78.6%
Becky Lee
78.3%
Albert Destrade
74.9%
Jessica 'Sugar' Kiper
74.6%
Hannah Shapiro
74.4%
Cassandra Franklin
73.2%
Ken McNickle
71.9%
Dawn Meehan
71%
Chelsea Meissner
70%
% Correct
Mick Trimming
68.7%
Matthew 'Sash' Lenehan
68.3%
Gervase Peterson
68.2%
Natalie Tenerelli
67.8%
Troyzan Robertson
66.7%
Sherri Biethman
66%
Spencer Bledsoe
65.6%
Tasha Fox
62.5%
Stephen Fishbach
61.2%
Tai Trang
60.8%

You're not logged in!

Compare scores with friends on all Sporcle quizzes.
OR
Log In

You Might Also Like...

Show Comments

Extras

Top Quizzes Today


Score Distribution

Your Account Isn't Verified!

In order to create a playlist on Sporcle, you need to verify the email address you used during registration. Go to your Sporcle Settings to finish the process.

Report this User

Report this user for behavior that violates our Community Guidelines.

Details: